000 00434nam a2200145 a 4500
001 000027705
005 20200930031031.0
008 110404s1972 dr 000 0 spa d
040 _aDO-SdBNP
_bspa
_cBNPHU
100 1 _aGarcía, Láutico
_923410
245 1 3 _aLa iglesia dominicana entre dos dictaduras /
_cLáutico García.
260 _aSanto Domingo :
_bImprenta Félix,
_c1972.
300 _a61 P. :
_bil. ;
_c21 cm.
049 _aBNPD
999 _c27197
_d27197